[Event "M.Chigorin Memorial 2017 "]
[Site "?????-?????????"]
[Date "2017.10.28"]
[Round "8"]
[Board "113"]
[White "Kamnev, Alexander"]
[Black "Khalikov, Bulat"]
[Result "1-0"]
[WhiteElo "2132"]
[BlackElo "1925"]
[PlyCount "73"]
[EventDate "2017.10.21"]
[EventRounds "9"]
[EventCountry "RUS"]

1. e4 e5 2. Nf3 Nc6 3. Bb5 Nf6 4. O-O Nxe4 5. d4 Nd6 6. Bxc6 dxc6 7. dxe5 Nf5
8. Qxd8+ Kxd8 9. Nc3 Be6 10. b3 Kc8 11. Bb2 b6 12. Ne2 Bc5 13. c4 Rd8 14. Rad1
Kb7 15. h3 h5 16. Nf4 g6 17. Ng5 Ng7 18. Nfxe6 fxe6 19. g4 Rxd1 20. Rxd1 Rf8
21. Ne4 hxg4 22. hxg4 Rf4 23. Nxc5+ bxc5 24. f3 Rxf3 25. Rd7 Rg3+ 26. Kf2 Rxg4
27. Rxg7 a5 28. Re7 a4 29. Rxe6 axb3 30. axb3 Rh4 31. Rxg6 Rh3 32. e6 Rxb3 33.
e7 Rxb2+ 34. Kf3 Rb6 35. e8=Q Ka7 36. Rxc6 Rb7 37. Rxc5  1-0

[Event "M.Chigorin Memorial 2017 "]
[Site "?????-?????????"]
[Date "2017.10.28"]
[Round "8"]
[Board "114"]
[White "Atakishiyev, Elmar"]
[Black "Krasovskiy, Sviatoslav"]
[Result "1/2-1/2"]
[WhiteElo "1969"]
[BlackElo "2128"]
[PlyCount "111"]
[EventDate "2017.10.21"]
[EventRounds "9"]
[EventCountry "RUS"]

1. e4 Nf6 2. e5 Nd5 3. d4 d6 4. Nf3 Bg4 5. Be2 c6 6. Ng5 Bf5 7. Bd3 Bxd3 8.
Qxd3 dxe5 9. dxe5 h6 10. Nf3 e6 11. O-O Nd7 12. a3 g5 13. Re1 Bg7 14. h3 O-O
15. Nbd2 Nf4 16. Qc3 Ng6 17. b3 Qe7 18. Bb2 Rfd8 19. Rad1 Nb6 20. Qe3 Rd7 21.
Nf1 Rxd1 22. Rxd1 Rd8 23. Rxd8+ Qxd8 24. N1d2 Qc7 25. a4 c5 26. Qe4 Nd7 27. Nc4
b6 28. g3 Nb8 29. a5 b5 30. Nd6 a6 31. Qa8 Nxe5 32. Bxe5 Bxe5 33. Nxe5 Qxd6 34.
Nc6 Qxc6 35. Qxb8+ Kg7 36. Qb6 Qc8 37. c4 b4 38. Qd6 f6 39. Kh2 h5 40. Qe7+ Kg6
41. Qd6 e5 42. Qb6 Kf7 43. Qd6 Kg7 44. Qb6 Kg6 45. Qd6 e4 46. Qd5 Kg7 47. Qxe4
Qd8 48. Qc6 Qxa5 49. Qd7+ Kh6 50. Qd6 Qa1 51. Qf8+ Kg6 52. Qe8+ Kf5 53. Qd7+
Kg6 54. Qe8+ Kg7 55. Qe7+ Kh6 56. Qf8+  1/2-1/2

[Event "M.Chigorin Memorial 2017 "]
[Site "?????-?????????"]
[Date "2017.10.28"]
[Round "8"]
[Board "115"]
[White "Nuritdinov, Nizomitdin"]
[Black "Sakorenko, Adriana"]
[Result "0-1"]
[WhiteElo "1924"]
[BlackElo "2127"]
[PlyCount "78"]
[EventDate "2017.10.21"]
[EventRounds "9"]
[EventCountry "RUS"]

1. d4 f5 2. c4 Nf6 3. Nc3 d6 4. Nf3 g6 5. g3 Bg7 6. Bg2 O-O 7. O-O Nc6 8. Re1
Ne4 9. e3 e5 10. Nd5 Be6 11. a3 Qd7 12. b4 Qf7 13. Nxc7 Qxc7 14. d5 Nc3 15. Qb3
e4 16. Ng5 Bf7 17. Bb2 Nxd5 18. Bxg7 Kxg7 19. cxd5 Ne5 20. Red1 Qe7 21. h4 Rac8
22. Rac1 h6 23. Nh3 g5 24. hxg5 hxg5 25. Qb2 Rxc1 26. Qxc1 Bh5 27. Rd2 Nf3+ 28.
Bxf3 Bxf3 29. Kf1 Rh8 30. Ng1 Rh1 31. Rc2 Kg6 32. Rc7 Qf8 33. Rd7 Qh8 34. Rxd6+
Kh5 35. Rd8 Qxd8 36. Qc5 Kg4 37. d6 Qh8 38. Ke1 Rxg1+ 39. Kd2 Qb2+  0-1

[Event "M.Chigorin Memorial 2017 "]
[Site "?????-?????????"]
[Date "2017.10.28"]
[Round "8"]
[Board "116"]
[White "Korchagina, Viktoria"]
[Black "Alekseev, Mikhail"]
[Result "1-0"]
[WhiteElo "2110"]
[BlackElo "1903"]
[PlyCount "47"]
[EventDate "2017.10.21"]
[EventRounds "9"]
[EventCountry "RUS"]

1. e4 c5 2. Nf3 Nc6 3. d4 cxd4 4. Nxd4 e5 5. Nb5 d6 6. c4 Nf6 7. N1c3 a6 8. Na3
Be7 9. Be2 O-O 10. Nc2 Be6 11. O-O Rc8 12. b3 Ne8 13. Nd5 f5 14. exf5 Bxf5 15.
Nce3 Be6 16. Bb2 Bf6 17. Bg4 Bxg4 18. Qxg4 Bg5 19. Rad1 Kh8 20. c5 Nd4 21. f4
Bxf4 22. Nxf4 exf4 23. Bxd4 fxe3 24. Rxf8#  1-0

[Event "M.Chigorin Memorial 2017 "]
[Site "?????-?????????"]
[Date "2017.10.28"]
[Round "8"]
[Board "117"]
[White "Pavlov, Mark"]
[Black "Krestin, Denis"]
[Result "1/2-1/2"]
[WhiteElo "1909"]
[BlackElo "2107"]
[PlyCount "81"]
[EventDate "2017.10.21"]
[EventRounds "9"]
[EventCountry "RUS"]

1. d4 d5 2. c4 c6 3. Nf3 Nf6 4. Qc2 g6 5. Bf4 Na6 6. a3 Bg7 7. e3 Bf5 8. Qb3
Qb6 9. Nbd2 O-O 10. h3 Nb8 11. Rc1 Qxb3 12. Nxb3 b6 13. Be2 Bc8 14. cxd5 cxd5
15. O-O Ba6 16. Bxa6 Nxa6 17. Rc6 Nd7 18. Rfc1 Rfe8 19. Nbd2 e5 20. dxe5 Nxe5
21. Nxe5 Bxe5 22. Bxe5 Rxe5 23. Rc8+ Re8 24. Rxa8 Rxa8 25. b4 Rd8 26. Nf3 Kg7
27. Nd4 Rd7 28. Kf1 Rc7 29. Rc6 Rd7 30. Ke2 Nc7 31. Kd3 Kf8 32. Ke2 Ke7 33. Kd3
Ne6 34. Kc3 Ng5 35. f3 Ne6 36. Kd3 Nc7 37. Kc3 Ke8 38. Kd3 Re7 39. Kd2 Kd7 40.
Kd3 Nb5 41. Rc2  1/2-1/2

[Event "M.Chigorin Memorial 2017 "]
[Site "?????-?????????"]
[Date "2017.10.28"]
[Round "8"]
[Board "118"]
[White "Yeritsyan, Hayk"]
[Black "Anant, Prabhudesai"]
[Result "1-0"]
[WhiteElo "2105"]
[BlackElo "1869"]
[PlyCount "133"]
[EventDate "2017.10.21"]
[EventRounds "9"]
[EventCountry "RUS"]

1. d4 Nf6 2. c4 e6 3. g3 Bb4+ 4. Bd2 Bxd2+ 5. Nxd2 d5 6. Bg2 O-O 7. Qc2 Nc6 8.
Ngf3 Qe7 9. O-O Rd8 10. Rad1 Nb4 11. Qb1 c5 12. dxc5 Qxc5 13. a3 Na6 14. b4 Qc7
15. e4 dxc4 16. Nxc4 Bd7 17. Rc1 Be8 18. e5 Nd5 19. Ng5 g6 20. Nd6 Qe7 21. Nge4
Rab8 22. Rfd1 Kg7 23. Qb2 Nac7 24. Nf6 Ba4 25. Re1 Nb6 26. Nxb7 Re8 27. Qd4 Rh8
28. Qh4 Ne8 29. Nxe8+ Rhxe8 30. Nd6 Bb3 31. Nxe8+ Rxe8 32. Qxe7 Rxe7 33. Re3
Ba2 34. Rd3 Nd5 35. Rd2 Bb3 36. Rb2 Ba4 37. Bxd5 exd5 38. f4 d4 39. Rd2 Rd7 40.
Rc4 d3 41. Kf2 Bb5 42. Rc5 a6 43. Ke3 h5 44. a4 Bxa4 45. Rxd3 Rb7 46. Rd4 Bb5
47. Kd2 Bf1 48. Kc3 Be2 49. Rd6 Bb5 50. e6 fxe6 51. Rxe6 Kh7 52. f5 gxf5 53.
Rxf5 Rc7+ 54. Rc5 Rf7 55. Rxh5+ Kg7 56. Ree5 Rf3+ 57. Kd4 Rd3+ 58. Kc5 Rb3 59.
Kd6 Rxb4 60. Ke7 Bd3 61. Rhg5+ Kh6 62. h4 Rb7+ 63. Kf6 Rb6+ 64. Re6 Rb7 65. g4
Kh7 66. Rh5+ Kg8 67. Re8#  1-0

[Event "M.Chigorin Memorial 2017 "]
[Site "?????-?????????"]
[Date "2017.10.28"]
[Round "8"]
[Board "119"]
[White "Ashid, Tsetsegulzii"]
[Black "Ivanov, Sergei V."]
[Result "1/2-1/2"]
[WhiteElo "1892"]
[BlackElo "2103"]
[PlyCount "115"]
[EventDate "2017.10.21"]
[EventRounds "9"]
[EventCountry "RUS"]

1. e4 e5 2. Nf3 Nc6 3. Nc3 Nf6 4. Bb5 Bd6 5. d3 a6 6. Ba4 h6 7. a3 O-O 8. O-O
Re8 9. h3 Bc5 10. Be3 Ba7 11. Bxa7 Rxa7 12. Ne2 d6 13. c3 Bd7 14. Ng3 b5 15.
Bc2 Ne7 16. Nh4 c5 17. d4 Qb6 18. d5 Ng6 19. Nxg6 fxg6 20. f4 Bc8 21. f5 g5 22.
Nh5 Rf8 23. Nxf6+ gxf6 24. Qh5 Rh7 25. Kh2 Bd7 26. b4 a5 27. Rfb1 Be8 28. Qe2
Ra7 29. Qf2 Bd7 30. Bd3 Rb8 31. bxc5 Qxc5 32. Qxc5 dxc5 33. c4 Rc7 34. cxb5 c4
35. b6 Rc5 36. Rc1 Bb5 37. a4 Ba6 38. Rab1 Kf8 39. Be2 Ke7 40. Kg3 Kd6 41. Kg4
Rcc8 42. Kh5 Kc5 43. Kxh6 Rd8 44. Rc2 Kd4 45. Bf3 Rd6 46. Rd1+ Kc5 47. Be2
Rbxb6 48. Rdc1 Rb4 49. Kg7 Rxa4 50. g3 Rb4 51. h4 gxh4 52. gxh4 Kd4 53. h5 Kxe4
54. Bxc4 Kxf5 55. Rf1+ Ke4 56. Re1+ Kf3 57. Rf1+ Ke3 58. Re1+  1/2-1/2

[Event "M.Chigorin Memorial 2017 "]
[Site "?????-?????????"]
[Date "2017.10.28"]
[Round "8"]
[Board "120"]
[White "Petrochenko, Maria"]
[Black "Aga, Rihard"]
[Result "1/2-1/2"]
[WhiteElo "2093"]
[BlackElo "1842"]
[PlyCount "102"]
[EventDate "2017.10.21"]
[EventRounds "9"]
[EventCountry "RUS"]

1. d4 d5 2. c4 e6 3. Nf3 c6 4. Qc2 Nf6 5. g3 Nbd7 6. Bg2 Be7 7. O-O b6 8. cxd5
cxd5 9. Bf4 Bb7 10. Nc3 Rc8 11. Qb3 a6 12. Rac1 O-O 13. Na4 b5 14. Nc3 Nb6 15.
a4 b4 16. Na2 a5 17. Rxc8 Qxc8 18. Rc1 Qa8 19. Qd1 Rc8 20. b3 Ne4 21. Qd3 Ba6
22. Qe3 Rxc1+ 23. Nxc1 Qc8 24. h4 Qc2 25. Ne5 Bf6 26. Bf3 Nc3 27. Qd2 Qxd2 28.
Bxd2 Bxe5 29. dxe5 Nd7 30. Bf4 Kf8 31. Kf1 Ke7 32. Ke1 Nc5 33. Be3 Nb7 34. Kd2
Ne4+ 35. Bxe4 dxe4 36. Bd4 f5 37. f3 exf3 38. exf3 Kd7 39. Nd3 Kc6 40. Nf4 Nd8
41. Ke3 g6 42. g4 Bc8 43. gxf5 exf5 44. Ba7 Ne6 45. Ne2 Ba6 46. Nd4+ Nxd4 47.
Kxd4 Bc8 48. Kd3 Be6 49. Kc2 f4 50. Bb8 h6 51. Bd6 Bd5  1/2-1/2

[Event "M.Chigorin Memorial 2017 "]
[Site "?????-?????????"]
[Date "2017.10.28"]
[Round "8"]
[Board "121"]
[White "Yakovlev, Yuri S."]
[Black "Babazada, Khazar"]
[Result "0-1"]
[WhiteElo "1876"]
[BlackElo "2090"]
[PlyCount "120"]
[EventDate "2017.10.21"]
[EventRounds "9"]
[EventCountry "RUS"]

1. e4 g6 2. d4 Bg7 3. Be3 d6 4. c4 Nf6 5. f3 Nc6 6. Nc3 O-O 7. Qd2 e5 8. Nge2
exd4 9. Nxd4 Nd7 10. Be2 Nde5 11. O-O Nxd4 12. Bxd4 Be6 13. b3 Qf6 14. Rad1 c5
15. Bxe5 Qxe5 16. Nd5 Qd4+ 17. Kh1 Bxd5 18. Qxd4 Bxd4 19. cxd5 a6 20. b4 b5 21.
bxc5 Bxc5 22. f4 Rfe8 23. Bd3 b4 24. Rc1 f6 25. Rc4 a5 26. g3 a4 27. Rb1 Kf7
28. Kg2 Reb8 29. e5 b3 30. axb3 axb3 31. exd6 Ra2+ 32. Kh3 Bxd6 33. Rc6 Ke7 34.
Bc4 h5 35. Rxb3 Rxb3 36. Bxb3 Rb2 37. Bd1 Rf2 38. Rc2 Rf1 39. Re2+ Kf7 40. Bc2
Ra1 41. Re6 Ra6 42. Re2 Ra3 43. Kg2 Rc3 44. Be4 Rb3 45. h4 g5 46. hxg5 fxg5 47.
Rf2 g4 48. Bf5 Kf6 49. Bd7 Rd3 50. Be6 Re3 51. Bd7 Bb4 52. Bb5 Be1 53. Re2
Rxg3+ 54. Kf1 Ba5 55. d6 Rf3+ 56. Rf2 Rb3 57. Bc4 Rc3 58. Bb5 Rc1+ 59. Kg2 h4
60. d7 Rd1  0-1

[Event "M.Chigorin Memorial 2017 "]
[Site "?????-?????????"]
[Date "2017.10.28"]
[Round "8"]
[Board "122"]
[White "Kovalenko, Kleopatra"]
[Black "Gurjevskoy, Denis"]
[Result "0-1"]
[WhiteElo "1879"]
[BlackElo "2089"]
[PlyCount "132"]
[EventDate "2017.10.21"]
[EventRounds "9"]
[EventCountry "RUS"]

1. e4 e5 2. Nf3 d6 3. d4 exd4 4. Nxd4 Nf6 5. Nc3 Be7 6. h3 O-O 7. Bc4 Nxe4 8.
Nxe4 d5 9. O-O dxc4 10. c3 c5 11. Nb5 Bf5 12. Qxd8 Rxd8 13. Ng3 Bd3 14. Re1 Nc6
15. Be3 a6 16. Na3 b5 17. Rac1 Bf8 18. Nh5 Rac8 19. Nf4 Ne5 20. Bd2 Bg6 21.
Nxg6 hxg6 22. Bg5 Rd5 23. h4 f6 24. Be3 Rcd8 25. Rb1 b4 26. cxb4 cxb4 27. Nc2
b3 28. axb3 cxb3 29. Na3 Bb4 30. Rec1 a5 31. Bb6 R8d7 32. Kf1 Kh7 33. Be3 Bxa3
34. bxa3 b2 35. Rxb2 Nd3 36. Rcb1 Nxb2 37. Rxb2 Rd3 38. Ra2 Rd1+ 39. Ke2 Rh1
40. g3 Rdd1 41. Bd2 Ra1 42. Rxa1 Rxa1 43. Bxa5 Ra2+ 44. Kf1 Rxa3 45. Bd2 Kg8
46. Kg2 Kf7 47. Kh3 Ke6 48. Kg2 Kf5 49. Kh3 Rb3 50. Kg2 Ke4 51. Bf4 Kf5 52. Bd2
Ke4 53. Bf4 Kd3 54. Be3 Ke2 55. Bc5 Rb5 56. Be3 Rf5 57. Kg1 Kf3 58. Kf1 Rb5 59.
Kg1 Rb1+ 60. Kh2 Rf1 61. Bc5 g5 62. hxg5 fxg5 63. g4 Rxf2+ 64. Bxf2 Kxf2 65.
Kh3 Kf3 66. Kh2 Kxg4  0-1

[Event "M.Chigorin Memorial 2017 "]
[Site "?????-?????????"]
[Date "2017.10.28"]
[Round "8"]
[Board "123"]
[White "Zyrjanow, Leonid"]
[Black "Emanuel, Yahav"]
[Result "0-1"]
[WhiteElo "1873"]
[BlackElo "2088"]
[PlyCount "58"]
[EventDate "2017.10.21"]
[EventRounds "9"]
[EventCountry "RUS"]

1. e4 e5 2. Nf3 Nc6 3. Bb5 a6 4. Bxc6 dxc6 5. d4 exd4 6. Qxd4 Qxd4 7. Nxd4 Bd7
8. Be3 O-O-O 9. Nd2 f6 10. c4 b6 11. a3 Kb7 12. b4 c5 13. bxc5 Bxc5 14. N2b3
Bxd4 15. Nxd4 Re8 16. c5 Rxe4 17. cxb6 cxb6 18. O-O Ne7 19. Rab1 Nd5 20. Nb3
Nxe3 21. Rfe1 Rc8 22. fxe3 Rc3 23. Kf2 Ba4 24. Nd4 Rxa3 25. Nf5 Rd3 26. Nxg7
Rd2+ 27. Kg3 Re5 28. h4 Bc6 29. Rg1 Rd7  0-1

[Event "M.Chigorin Memorial 2017 "]
[Site "?????-?????????"]
[Date "2017.10.28"]
[Round "8"]
[Board "124"]
[White "Lystsov, Leonid"]
[Black "Chekmareva, Liya"]
[Result "1/2-1/2"]
[WhiteElo "1866"]
[BlackElo "2077"]
[PlyCount "91"]
[EventDate "2017.10.21"]
[EventRounds "9"]
[EventCountry "RUS"]

1. g3 d5 2. Bg2 e5 3. d3 Nc6 4. Nf3 Nf6 5. O-O a5 6. Nc3 Be7 7. e4 dxe4 8. Nxe4
Nd5 9. Re1 O-O 10. Nc3 Nxc3 11. bxc3 Be6 12. Bb2 a4 13. a3 Bf6 14. c4 Qd6 15.
Nd2 Be7 16. Bxc6 Qxc6 17. Bxe5 Qd7 18. Bb2 Rfe8 19. Qf3 h6 20. Qe4 c5 21. Nf3
Bf5 22. Qf4 f6 23. Nh4 Bh7 24. Qf3 Rac8 25. Ng2 b5 26. Ne3 Kh8 27. Qd5 Qc7 28.
cxb5 Red8 29. Qc4 Bg8 30. Qxa4 Rb8 31. Nf5 Bf8 32. Bc3 c4 33. dxc4 Qc8 34. Ne3
Bc5 35. Bb4 Bxe3 36. Rxe3 Qxc4 37. Qa7 Qxb5 38. Qc5 Qb7 39. Qe7 Rd7 40. Qe4 Bd5
41. Qf4 Rbd8 42. Rae1 Bf7 43. Qf3 Qc7 44. Re7 Qxc2 45. Qe3 Rd3 46. Qf4  1/2-1/2

[Event "M.Chigorin Memorial 2017 "]
[Site "?????-?????????"]
[Date "2017.10.28"]
[Round "8"]
[Board "125"]
[White "Huseynov, Murad"]
[Black "Titievskaya, Elizaveta"]
[Result "1-0"]
[WhiteElo "2076"]
[BlackElo "1798"]
[PlyCount "42"]
[EventDate "2017.10.21"]
[EventRounds "9"]
[EventCountry "RUS"]

1. d4 d5 2. Nf3 c5 3. e3 Nc6 4. Be2 Nf6 5. Nbd2 h6 6. O-O Bf5 7. dxc5 e6 8. Nb3
Bh7 9. c4 a5 10. cxd5 exd5 11. Bb5 Be7 12. Nbd4 Qc7 13. Qa4 Rc8 14. Bd2 Bd8 15.
Nb3 O-O 16. Bxc6 bxc6 17. Qxa5 Qe7 18. Qa6 Bc7 19. Rfc1 Ne4 20. Be1 f5 21. Nbd4
Rf6  1-0

[Event "M.Chigorin Memorial 2017 "]
[Site "?????-?????????"]
[Date "2017.10.28"]
[Round "8"]
[Board "126"]
[White "Tskhadadze, Anna"]
[Black "Shoshin, Kirill"]
[Result "0-1"]
[WhiteElo "2073"]
[BlackElo "1831"]
[PlyCount "108"]
[EventDate "2017.10.21"]
[EventRounds "9"]
[EventCountry "RUS"]

1. d4 Nf6 2. Nf3 e6 3. Bf4 b6 4. e3 Bb7 5. Bd3 d5 6. O-O Bd6 7. Bg3 O-O 8. Nbd2
c5 9. c3 Ne4 10. Bxd6 Nxd6 11. Ne5 f6 12. Nef3 Nd7 13. Qe2 e5 14. e4 exd4 15.
exd5 Re8 16. Qd1 dxc3 17. bxc3 Bxd5 18. Qc2 Nf8 19. Rad1 Qc7 20. c4 Bf7 21. Ne4
Rad8 22. Rfe1 Nxe4 23. Bxe4 Bg6 24. Bxg6 Nxg6 25. Rxe8+ Rxe8 26. Qf5 Ne5 27. h3
Qc8 28. Qf4 Qe6 29. Nxe5 Qxe5 30. Qf3 Qe4 31. Qg3 Qxc4 32. Rd7 Qc1+ 33. Kh2 Qg5
34. Qb3+ Kh8 35. Qa4 b5 36. Qc2 a5 37. g3 c4 38. Qe4 Qe5 39. Qb7 f5 40. Rd5 Qe4
41. Qf7 f4 42. gxf4 h6 43. Rxb5 Rd8 44. Re5 Qf3 45. Re8+ Rxe8 46. Qxe8+ Kh7 47.
Qf7 Qxf2+ 48. Kh1 Qf1+ 49. Kh2 Qe2+ 50. Kh1 Qd3 51. h4 c3 52. f5 Qe4+ 53. Kg1
c2 54. Qg6+ Kh8  0-1

[Event "M.Chigorin Memorial 2017 "]
[Site "?????-?????????"]
[Date "2017.10.28"]
[Round "8"]
[Board "127"]
[White "Savinov, Leonid"]
[Black "Anisimov, Artem"]
[Result "1-0"]
[WhiteElo "2035"]
[BlackElo "1716"]
[PlyCount "115"]
[EventDate "2017.10.21"]
[EventRounds "9"]
[EventCountry "RUS"]

1. e4 c5 2. Nf3 d6 3. d4 cxd4 4. Nxd4 Nf6 5. Nc3 a6 6. Be2 e6 7. O-O Be7 8. f4
Qc7 9. f5 b5 10. fxe6 fxe6 11. Bh5+ g6 12. Bf3 e5 13. Nb3 Bb7 14. Bh6 Nbd7 15.
a4 b4 16. Nd5 Nxd5 17. exd5 O-O-O 18. Qd2 Rhg8 19. Be3 a5 20. c3 bxc3 21. Qxc3
Qxc3 22. bxc3 e4 23. Bxe4 Nf6 24. Bf3 Bxd5 25. Nxa5 Rde8 26. Nc6 Ne4 27. Nxe7+
Rxe7 28. Bd4 Bc4 29. Rfe1 Rge8 30. a5 Nc5 31. Rxe7 Rxe7 32. Bxc5 dxc5 33. a6
Ra7 34. Ra5 Bxa6 35. Rxc5+ Rc7 36. Rxc7+ Kxc7 37. Bd5 Kd6 38. Bg8 h6 39. Kf2
Ke5 40. Ke3 Bb7 41. g3 Bc8 42. c4 Kf5 43. c5 Kg4 44. Bf7 g5 45. Kf2 Kf5 46. Bd5
h5 47. Bg2 Ke5 48. Ke3 h4 49. c6 Bf5 50. Bf3 g4 51. Bd1 hxg3 52. hxg3 Bc8 53.
Bc2 Ba6 54. Bg6 Bc8 55. Be8 Kd6 56. Kf4 Ke7 57. Bh5 Kd6 58. Bxg4  1-0

[Event "M.Chigorin Memorial 2017 "]
[Site "?????-?????????"]
[Date "2017.10.28"]
[Round "8"]
[Board "128"]
[White "Nikitinyh, Boris"]
[Black "Gimenez, Gregoire"]
[Result "0-1"]
[WhiteElo "2027"]
[BlackElo "1711"]
[PlyCount "76"]
[EventDate "2017.10.21"]
[EventRounds "9"]
[EventCountry "RUS"]

1. e4 d5 2. exd5 Nf6 3. Nf3 Bg4 4. Be2 Qxd5 5. d4 Nc6 6. c4 Qd7 7. d5 Bxf3 8.
Bxf3 Ne5 9. Be2 e6 10. Qd4 Nc6 11. Qe3 Nb4 12. Na3 Be7 13. dxe6 Qxe6 14. Qxe6
fxe6 15. O-O O-O 16. Be3 c6 17. Rfc1 Rad8 18. Nc2 a5 19. Nd4 Kf7 20. a3 Na6 21.
Nf3 Nc5 22. Ng5+ Kg8 23. Bxc5 Bxc5 24. Nxe6 Rd2 25. Nxc5 Rxe2 26. f3 Rfe8 27.
Nxb7 Rb8 28. Kf1 Rd2 29. Nxa5 Rbxb2 30. Rab1 Rf2+ 31. Ke1 Rbe2+ 32. Kd1 Nh5 33.
g3 Rxh2 34. Rb8+ Kf7 35. Nxc6 Nxg3 36. Ne5+ Ke6 37. Re8+ Kf5 38. Rf8+ Kg5  0-1

[Event "M.Chigorin Memorial 2017 "]
[Site "?????-?????????"]
[Date "2017.10.28"]
[Round "8"]
[Board "129"]
[White "Khlopushin, Dmitriy"]
[Black "Yarosh, Ruslan"]
[Result "1/2-1/2"]
[WhiteElo "1668"]
[BlackElo "2019"]
[PlyCount "117"]
[EventDate "2017.10.21"]
[EventRounds "9"]
[EventCountry "RUS"]

1. e4 d6 2. d4 Nf6 3. Nc3 Nbd7 4. f4 e5 5. Nf3 exd4 6. Qxd4 c6 7. Be3 d5 8.
exd5 Bc5 9. Qd2 Qe7 10. dxc6 bxc6 11. Nd4 Ng4 12. O-O-O Nxe3 13. Re1 O-O 14.
Rxe3 Qd6 15. Rd3 Qc7 16. Nb3 Bb6 17. Be2 Nf6 18. Bf3 Bf5 19. Rd6 Rad8 20. Rd1
Be3 21. Rxd8 Bxd2+ 22. R8xd2 c5 23. Kb1 h6 24. Nd5 Nxd5 25. Rxd5 Qxf4 26. Nxc5
Bg6 27. h3 Qc4 28. Rc1 Rc8 29. Nd3 a5 30. Rd6 Be4 31. Bxe4 Qxe4 32. Ne1 Rb8 33.
Rd3 a4 34. Rf3 Qe2 35. a3 f6 36. Ka1 Kh7 37. g4 Qd2 38. Rb1 Re8 39. Rd3 Qf2 40.
Rf3 Qd4 41. Rd3 Qb6 42. Nf3 Re3 43. Rbd1 Rxd3 44. Rxd3 h5 45. gxh5 Qc5 46. Kb1
Qxh5 47. c4 Qf5 48. Kc2 g5 49. Kc3 Kg6 50. Nd4 Qa5+ 51. b4 axb3+ 52. Kxb3 f5
53. Rc3 Qc5 54. Nb5 Qg1 55. c5 Qb1+ 56. Ka4 Qe4+ 57. Kb3 Qb7 58. Ka4 Qe4+ 59.
Kb3  1/2-1/2

[Event "M.Chigorin Memorial 2017 "]
[Site "?????-?????????"]
[Date "2017.10.28"]
[Round "8"]
[Board "130"]
[White "Gagare, Shalmali"]
[Black "Moskaleva, Arina"]
[Result "1-0"]
[WhiteElo "2013"]
[BlackElo "1536"]
[PlyCount "71"]
[EventDate "2017.10.21"]
[EventRounds "9"]
[EventCountry "RUS"]

1. d4 d5 2. c4 e6 3. Nf3 c5 4. cxd5 exd5 5. g3 Nf6 6. Bg2 Nc6 7. O-O Bg4 8. Ne5
Be6 9. Nxc6 bxc6 10. dxc5 Bxc5 11. Qc2 Qb6 12. Nc3 Be7 13. Na4 Qc7 14. Bf4 Qc8
15. Rac1 O-O 16. Nc5 Bxc5 17. Qxc5 Bd7 18. Qd4 h6 19. Be5 Qd8 20. e4 Ne8 21.
exd5 f6 22. dxc6 Be6 23. Qxd8 Rxd8 24. Bf4 Rc8 25. Rfe1 Bxa2 26. Ra1 Bf7 27.
Rxa7 g5 28. Be3 Nc7 29. Rd1 Be6 30. Bb6 Nb5 31. Ra5 Nc7 32. Ra7 Nb5 33. Re7 Bf7
34. c7 Be8 35. Rxe8 Rfxe8 36. Rd8  1-0

[Event "M.Chigorin Memorial 2017 "]
[Site "?????-?????????"]
[Date "2017.10.28"]
[Round "8"]
[Board "131"]
[White "Utiatskaja, Irina"]
[Black "Rudikov, Dmitry"]
[Result "1-0"]
[WhiteElo "2203"]
[BlackElo "1943"]
[PlyCount "91"]
[EventDate "2017.10.21"]
[EventRounds "9"]
[EventCountry "RUS"]

1. e4 c5 2. Nf3 d6 3. d4 cxd4 4. Nxd4 Nf6 5. Nc3 a6 6. Be3 Ng4 7. Bc1 Nf6 8. a4
e5 9. Nf3 Be7 10. Bc4 O-O 11. O-O Nbd7 12. Bg5 Qc7 13. Qe2 h6 14. Bh4 Nb6 15.
Bb3 Be6 16. Nd2 Bxb3 17. cxb3 Nfd5 18. Nxd5 Nxd5 19. Bg3 Nb4 20. Rfc1 Nc6 21.
Rc3 Rac8 22. Nc4 b5 23. Ne3 Nd4 24. Qd1 Qb7 25. Nd5 f5 26. f3 fxe4 27. fxe4 Qa7
28. Kh1 Rxc3 29. bxc3 Ne6 30. axb5 Nc5 31. bxa6 Bg5 32. Qe2 Nxb3 33. Rb1 Nc5
34. h4 Bd8 35. Ra1 g5 36. Bf2 Bb6 37. Bxc5 Bxc5 38. Rf1 Bf2 39. Qc4 Kh8 40. Qc6
Qg7 41. Qxd6 Rf7 42. Ne7 gxh4 43. Nf5 Rxf5 44. exf5 h3 45. Rxf2 Qg3 46. Qf6+
 1-0

[Event "M.Chigorin Memorial 2017 "]
[Site "?????-?????????"]
[Date "2017.10.28"]
[Round "8"]
[Board "132"]
[White "Nikitin, Vladimir"]
[Black "Ufimtsev, Egor"]
[Result "0-1"]
[WhiteElo "1925"]
[BlackElo "2143"]
[PlyCount "56"]
[EventDate "2017.10.21"]
[EventRounds "9"]
[EventCountry "RUS"]

1. Nf3 Nf6 2. g3 d5 3. Bg2 e6 4. O-O c5 5. d3 Be7 6. Nbd2 O-O 7. e4 Nc6 8. Re1
b5 9. Qe2 a5 10. Nf1 Ba6 11. exd5 Nxd5 12. Ne3 Rc8 13. a4 b4 14. h4 Nxe3 15.
Bxe3 b3 16. Bg5 bxc2 17. Bxe7 Qxe7 18. Ng5 Nd4 19. Qe4 g6 20. Qe3 Nb3 21. Rac1
Nxc1 22. Rxc1 Qd7 23. Bf1 Qd4 24. Qe2 c4 25. dxc4 Qxc4 26. Qe5 Qxf1+ 27. Rxf1
Bxf1 28. Nxe6 f6  0-1

[Event "M.Chigorin Memorial 2017 "]
[Site "?????-?????????"]
[Date "2017.10.28"]
[Round "8"]
[Board "133"]
[White "Kairbekova, Amina"]
[Black "Lagashin, Pavel"]
[Result "0-1"]
[WhiteElo "1916"]
[BlackElo "2138"]
[PlyCount "128"]
[EventDate "2017.10.21"]
[EventRounds "9"]
[EventCountry "RUS"]

1. e4 c5 2. Nf3 e6 3. d4 cxd4 4. Nxd4 Nc6 5. Nc3 Qc7 6. Be2 a6 7. O-O Nf6 8.
Kh1 Bb4 9. Nxc6 dxc6 10. Qd3 O-O 11. Bg5 Bxc3 12. bxc3 Qe5 13. f4 Qxe4 14. Qg3
Qg6 15. Bd3 Ne4 16. Qe3 f5 17. Bxe4 fxe4 18. Rae1 h6 19. Be7 Re8 20. Bh4 e5 21.
Qxe4 Bf5 22. Qc4+ Be6 23. Qb4 Bd5 24. Rf2 exf4 25. Ref1 b5 26. Qxf4 Re4 27. Qg3
Rg4 28. Qh3 Qh5 29. Rf8+ Rxf8 30. Rxf8+ Kh7 31. Qd3+ Be4 32. Qd8 Bxg2+ 33. Kg1
Qc5+ 34. Bf2 Bd5+ 35. Kf1 Qc4+ 36. Ke1 Qxc3+ 37. Kd1 Re4 38. Rh8+ Kg6 39. Qd6+
Re6 40. Qg3+ Qxg3 41. hxg3 Bxa2 42. Ra8 Kf5 43. Rxa6 Bc4 44. Ra7 g5 45. Be1 Kg4
46. Rh7 h5 47. Rh8 Be2+ 48. Kc1 Bf3 49. Bd2 Re5 50. Rg8 c5 51. Rg7 b4 52. Kb2
Rd5 53. Bc1 c4 54. Be3 Re5 55. Bf4 Rf5 56. Be3 Bd5 57. c3 b3 58. Bf4 Rxf4 59.
gxf4 Kxf4 60. Rd7 Be4 61. Rd4 h4 62. Ka3 h3 63. Rd2 Kg3 64. Kb4 h2  0-1

[Event "M.Chigorin Memorial 2017 "]
[Site "?????-?????????"]
[Date "2017.10.28"]
[Round "8"]
[Board "134"]
[White "Lazhevskaya, Zhanni"]
[Black "Sokolov, Ilia"]
[Result "1/2-1/2"]
[WhiteElo "2086"]
[BlackElo "1909"]
[PlyCount "120"]
[EventDate "2017.10.21"]
[EventRounds "9"]
[EventCountry "RUS"]

1. e4 e6 2. d4 d5 3. Nd2 Nf6 4. Bd3 c5 5. dxc5 Bxc5 6. Qe2 Nc6 7. Ngf3 Nb4 8.
O-O Nxd3 9. cxd3 dxe4 10. dxe4 Bd7 11. e5 Nd5 12. Ne4 Qb6 13. a4 Be7 14. Bg5
O-O 15. Bxe7 Nxe7 16. Nfg5 f6 17. Qd3 fxg5 18. Qxd7 Nf5 19. Nxg5 Nd4 20. a5 Qd8
21. Qxd8 Raxd8 22. g3 h6 23. Ne4 Nf3+ 24. Kg2 Nxe5 25. Nc5 Rd2 26. Rad1 Rxb2
27. Nxe6 Re8 28. Nc7 Rf8 29. Ne6 Rc8 30. Rde1 Nc4 31. Rc1 Ra2 32. Rc3 Rxa5 33.
Rfc1 Re5 34. Nd4 Rec5 35. Kg1 a6 36. Ne6 R5c6 37. Nd4 R6c7 38. Ne6 Re7 39. Nxg7
Kxg7 40. Rxc4 Rxc4 41. Rxc4 b5 42. Rc6 a5 43. Rb6 Re1+ 44. Kg2 Rb1 45. f4 a4
46. Ra6 Rb3 47. g4 a3 48. h4 b4 49. g5 hxg5 50. hxg5 Rd3 51. Ra7+ Kg6 52. Ra6+
Kf5 53. g6 Rd7 54. Kf3 Rg7 55. Ra4 Rxg6 56. Rxb4 Ra6 57. Rb1 Ra4 58. Ra1 Ke6
59. Ke3 Kd5 60. Kd3 Rxf4  1/2-1/2